000 01154cad a22002175a 4500
001 L154445
008 111205s2011 xxk g 000 0 eng d
035 _a(Sirsi) u154445
041 0 _aeng
050 _a693.5 $2 18
110 2 _aSustainable Concrete Forum
_95998
245 0 0 _aConcrete industry sustainability performance report
_b4th report, 2010 performance data
_h[electronic resource]
260 _aCamberley
_bMPA
_c2011
520 _aThe fourth report from the Concrete Centre presents the concrete industry's sustainability performance in 2010. The data covers the manufacture of concrete and its constituent materials. The information is collected through survey responses from companies supplying an estimated 78% of concrete used in the UK.
590 _aKA NTK
651 4 _aUnited Kingdom
_y
690 _aBUILT ENVIRONMENT-SUSTAINABLE CONSTRUCTION
690 _aBUILT ENVIRONMENT-BUILDING MATERIALS-CEMENTITIOUS, CONCRETE AND MINERAL BOUND MATERIALS-CONCRETE
856 4 0 _uhttps://www.sustainableconcrete.org.uk/PDF/2011%20Sustainability%20Report_FINAL.pdf
_zView the website free of charge at www.concretecentre.com
942 _n0
999 _c112989
_d112989